000 00775nas a2200265 4500
001 BR9602093
003 BR-BrBNA
005 20231205095744.0
007 ta
008 230509b bl.|||p| |||| 00| 00por d
040 _aBR-BrBNA
_bpor
_cBiblioteca Nacional de Agricultura
041 _a(Pt)
072 _aQ04
100 1 _aSobu, Y.M.
100 1 _aYamanaka, H.
100 1 _aZuanon Netto, J.
245 1 _aSeparacao de acidos organicos do suco de laranja por meio da cromatografia em camada delgada
650 _aSuco
650 _aLaranja
650 _aCromatografia
650 _aAcido Organico
773 0 _tEcletica Quimica (Brazil)
_xISSN 0100-4670
_g(1995), v. 20 p. 95-100
_wBR9602093
909 _a202311
_bLúcia
_c55
_dLúcia Elande
942 _2AGRIS
_n0
_cANA
999 _c152533
_d152533